| 000 | 00000nam##2200000za#4500 |
| 001 | 9.691704 |
| 003 | CaOODSP |
| 005 | 20210624232903 |
| 007 | cr ||||||||||| |
| 008 | 150407|2008||||xxc|||||o f|0| 0 eng|d |
| 020 | |a978-1-100-11611-2 |
| 040 | |aCaOODSP|beng |
| 043 | |an-cn--- |
| 086 | 1 |aF34-3/3-2009E-PDF |
| 110 | 1 |aCanada. |bDepartment of Finance. |
| 245 | 10|aInterest deductibility restrictions and inbound direct investment / |h[electronic resource]|c[by] Tim Edgar. |
| 260 | |aOttawa - Ontario : |bFinance Canada |cOctober 2008. |
| 300 | |a82p.|btables |
| 500 | |a"Research report prepared for the Advisory Panel on Canada's system of international taxation." |
| 590 | |a10-10-Supp|b2010-11-09 |
| 720 | 1 |aEdgar, Tim |
| 775 | 08|tRestrictions à la déductibilité de l'intérêt et investissement direct de l'étranger / |w(CaOODSP)9.636015 |
| 856 | 40|ahttp://publications.gc.ca|qPDF|s609 KB|uhttps://publications.gc.ca/collections/collection_2010/fin/F34-3-3-2009-eng.pdf |